[Event "PRO League Eastern 2017"]
[Site "chess.com INT"]
[Date "2017.01.25"]
[Round "3"]
[White "Bigabylov, Zhuban"]
[Black "Kunte, Abhijit"]
[Result "0-1"]
[BlackTitle "GM"]
[WhiteElo "2216"]
[BlackElo "2491"]
[WhiteTeam "Shymkent Nomads"]
[BlackTeam "Mumbai Movers"]
[WhiteFideId "13701495"]
[BlackFideId "5002265"]
[EventDate "2017.01.11"]

1. d4 Nf6 2. c4 e6 3. Nc3 Bb4 4. e3 O-O 5. Bd3 d5 6. Nf3 c5 7. O-O dxc4 8. Bxc4
Bd7 9. a3 Ba5 10. Qe2 cxd4 11. exd4 Bxc3 12. bxc3 Bc6 13. Bg5 Nbd7 14. Ne5 Qa5
15. Bxf6 Nxf6 16. Nxc6 bxc6 17. Qd3 c5 18. f4 cxd4 19. cxd4 Rad8 20. f5 e5 21.
d5 Nxd5 22. Qg3 Qc5+ 23. Kh1 Qxc4 24. f6 g6 25. Qg5 Qc6 26. Rae1 Rd6 27. Rxe5
Nxf6 0-1

[Event "PRO League Eastern 2017"]
[Site "chess.com INT"]
[Date "2017.01.25"]
[Round "3"]
[White "Bigabylov, Zhuban"]
[Black "Kulkarni, Vikramaditya"]
[Result "0-1"]
[BlackTitle "IM"]
[WhiteElo "2216"]
[BlackElo "2285"]
[WhiteTeam "Shymkent Nomads"]
[BlackTeam "Mumbai Movers"]
[WhiteFideId "13701495"]
[BlackFideId "5009847"]
[EventDate "2017.01.11"]

1. d4 Nf6 2. c4 g6 3. Nc3 Bg7 4. e4 d6 5. Nf3 O-O 6. Be2 Na6 7. O-O e5 8. d5 c5
9. dxc6 bxc6 10. b3 Nc5 11. Nd2 Bh6 12. Qc2 Ne6 13. Nf3 Bxc1 14. Raxc1 Nd4 15.
Qd2 c5 16. Rfe1 Kg7 17. h3 Bb7 18. Bd1 Ng8 19. Nd5 h6 20. b4 Bxd5 21. cxd5 Nxf3+
22. Bxf3 cxb4 23. Qxb4 Ne7 24. Rc2 Qd7 25. Rec1 Rfc8 26. Qa5 Rxc2 27. Rxc2 Rc8
28. Rxc8 Nxc8 29. Bg4 f5 30. exf5 gxf5 31. Bh5 Nb6 32. Qa3 Qe7 33. Qa5 Kf6 34.
Qd2 Qg7 35. f4 Nd7 36. Qc3 Ke7 37. Qc8 Qf8 38. Qc7 Qb8 39. Qc1 e4 40. Qc3 Qg8
41. Qd4 Qg3 42. a4 a5 43. Qh8 Qe3+ 44. Kh1 Qc1+ 45. Kh2 Qxf4+ 46. Kh1 Qc1+ 47.
Kh2 Qf4+ 48. Kh1 Nc5 49. Qe8+ Kf6 50. Qh8+ Kg5 51. Be8 Qf1+ 52. Kh2 Qf4+ 53. Kh1
Qe5 54. h4+ Kxh4 55. Qxh6+ Kg3 56. Qe3+ Kg4 57. Qh3+ Kg5 58. Qh5+ Kf4 59. Qh6+
Kg3 60. Qe3+ Kh4 61. Qh6+ Kg4 62. Bh5+ Kg3 63. Qe3+ Kh4 64. Qh3+ Kg5 65. Be2
Qa1+ 66. Kh2 Qe5+ 67. Kh1 Kf6 68. Qh8+ Ke7 69. Qb8 Nd7 70. Qg8 Qa1+ 71. Kh2 Qe5+
72. Kh1 Qf6 73. Bh5 Nf8 74. Qg3 Qh6 75. Qh4+ Qf6 76. Qg3 Qa1+ 77. Kh2 Qe5 78.
Qxe5+ dxe5 79. Kg3 f4+ 80. Kg4 Kd6 81. Kf5 e3 82. Ke4 Nd7 83. Bf7 e2 0-1

[Event "PRO League Eastern 2017"]
[Site "chess.com INT"]
[Date "2017.01.25"]
[Round "3"]
[White "Makoto, Rodwell"]
[Black "Colovic, Aleksandar"]
[Result "0-1"]
[WhiteTitle "IM"]
[BlackTitle "GM"]
[WhiteElo "2403"]
[BlackElo "2443"]
[WhiteTeam "Johannesburg Koeksisters"]
[BlackTeam "Belgrade Sparrows"]
[WhiteFideId "11000120"]
[BlackFideId "15000729"]
[EventDate "2017.01.11"]

1. Nf3 Nf6 2. c4 b6 3. g3 Bb7 4. Bg2 g6 5. O-O Bg7 6. Nc3 e6 7. d4 Ne4 8. Bd2
O-O 9. Qc2 Nxd2 10. Qxd2 d6 11. e4 Nd7 12. Rac1 a6 13. Rfe1 Qe7 14. h4 Nf6 15.
e5 Ng4 16. Qf4 h5 17. Ne4 Rad8 18. Bh3 Bh6 19. Nfg5 Bxe4 20. Rxe4 dxe5 21. dxe5
f6 22. exf6 Rxf6 23. Bxg4 Rxf4 24. Bxe6+ Kg7 25. gxf4 Bxg5 26. hxg5 Qd6 27. Rce1
Rf8 28. Bd5 c6 29. Re7+ Kh8 30. R1e6 Qxf4 31. Rxg6 Qxf2+ 32. Kh1 Qf1+ 33. Kh2
Rf2+ 0-1

[Event "PRO League Eastern 2017"]
[Site "chess.com INT"]
[Date "2017.01.25"]
[Round "3"]
[White "Makoto, Rodwell"]
[Black "Svicevic, Rastko"]
[Result "0-1"]
[WhiteTitle "IM"]
[BlackTitle "FM"]
[WhiteElo "2403"]
[BlackElo "2189"]
[WhiteTeam "Johannesburg Koeksisters"]
[BlackTeam "Belgrade Sparrows"]
[WhiteFideId "11000120"]
[BlackFideId "916315"]
[EventDate "2017.01.11"]

1. Nf3 d5 2. c4 e6 3. g3 c6 4. Bg2 Bd6 5. d4 f5 6. O-O Nf6 7. Nc3 O-O 8. Qc2 Ne4
9. Rb1 a5 10. c5 Bc7 11. a3 Nd7 12. Bf4 Bxf4 13. gxf4 b5 14. cxb6 Qxb6 15. Na4
Qc7 16. e3 Ba6 17. Rfc1 Bb5 18. Nc3 Nxc3 19. Qxc3 a4 20. Qb4 Qb8 21. Qe7 Qe8 22.
Qxe8 Rfxe8 23. Bf1 Rec8 24. Rc3 Bxf1 25. Kxf1 c5 26. dxc5 Rxc5 27. Rxc5 Nxc5 28.
Rc1 Nd3 29. Rc2 Rb8 30. Ne5 Nxe5 31. fxe5 f4 32. Ke2 Kf7 33. exf4 Kg6 34. Kf3
Rb3+ 35. Kg2 Kf5 36. Rc7 Kxf4 37. Rxg7 h5 38. Ra7 Rxb2 39. Rxa4+ Kxe5 40. Rh4 d4
41. Rxh5+ Ke4 42. Rh8 d3 43. Rd8 Ra2 44. Ra8 Ra1 45. Rd8 Rxa3 46. h4 Ra5 47. Kg3
Rd5 48. Ra8 d2 0-1

[Event "PRO League Eastern 2017"]
[Site "chess.com INT"]
[Date "2017.02.01"]
[Round "4"]
[White "Padmini, Rout"]
[Black "Van der Lende, Ilias"]
[Result "1-0"]
[WhiteTitle "IM"]
[BlackTitle "FM"]
[WhiteElo "2387"]
[BlackElo "2315"]
[WhiteTeam "Odisha Express"]
[BlackTeam "Amsterdam Mosquitos"]
[WhiteFideId "5029295"]
[BlackFideId "1019260"]
[EventDate "2017.01.11"]

1. e4 e6 2. d4 d5 3. Nc3 Bb4 4. e5 c5 5. a3 Bxc3+ 6. bxc3 Ne7 7. Nf3 b6 8. a4
Ba6 9. Bb5+ Bxb5 10. axb5 Qc7 11. O-O Nd7 12. Qd3 h6 13. Ra2 O-O 14. Re1 Rfc8
15. Ba3 a6 16. bxa6 c4 17. Qd2 Rxa6 18. Bd6 Rxa2 19. Bxc7 Rxc7 20. h4 Rca7 21.
Rb1 R7a5 22. g4 b5 23. h5 Ra1 24. Rxa1 Rxa1+ 25. Kg2 Nb6 26. g5 Nf5 27. gxh6
gxh6 28. Qf4 Nc8 29. Nh2 Nce7 30. Ng4 Kh7 31. Nf6+ Kg7 32. Kf3 Ra3 33. Kg4 Rxc3
34. Qc1 b4 35. Qb2 Nc6 36. Qa2 Ra3 37. Qb1 Nfxd4 38. Nd7 Ra7 39. Nc5 Nxe5+ 40.
Kf4 Nec6 41. Kg3 Ra3+ 42. Kh2 Rc3 43. Nd7 Nf3+ 44. Kg2 Nd2 45. Qa1 e5 46. Qa8
Rf3 47. Qxc6 b3 48. cxb3 cxb3 49. Qxd5 e4 50. Qxd2 Rd3 51. Qb2+ Kg8 52. Nf6+ 1-0

[Event "PRO League Eastern 2017"]
[Site "chess.com INT"]
[Date "2017.02.01"]
[Round "4"]
[White "Anwesh, Upadhyaya"]
[Black "Admiraal, Miguoel"]
[Result "0-1"]
[WhiteTitle "IM"]
[BlackTitle "IM"]
[WhiteElo "2384"]
[BlackElo "2441"]
[WhiteTeam "Odisha Express"]
[BlackTeam "Amsterdam Mosquitos"]
[WhiteFideId "5028949"]
[BlackFideId "1019716"]
[EventDate "2017.01.11"]

1. c4 c6 2. Nf3 d5 3. g3 Bg4 4. Bg2 e6 5. O-O Nd7 6. b3 Ngf6 7. Bb2 Bd6 8. d4
O-O 9. Nbd2 h6 10. Re1 Bf5 11. e3 a5 12. Qe2 a4 13. Nh4 Bh7 14. e4 dxe4 15. Nxe4
Bb4 16. Bc3 Bxc3 17. Nxc3 axb3 18. axb3 Qb6 19. Rxa8 Rxa8 20. d5 Qxb3 21. dxc6
bxc6 22. Bxc6 Rc8 23. Bxd7 Nxd7 24. Rd1 Nf8 25. Nb5 Qxc4 26. Qxc4 Rxc4 27. Nf3
Rc5 28. Nd6 Bg6 29. g4 f6 30. Kg2 Rc3 31. Nd4 Rd3 32. Rxd3 Bxd3 33. h4 e5 34.
N4f5 Ne6 35. Kg3 Bxf5 36. Nxf5 Kf7 37. h5 Nd4 38. Ne3 Ke6 39. Nc4 f5 40. f3 Kf6
41. Nd6 fxg4 42. fxg4 Ke6 43. Ne8 Kf7 44. Nd6+ Ke7 45. Ne4 Ne6 46. Nd2 Ng5 47.
Kf2 Ke6 48. Ke3 Nh7 49. Nf3 Nf6 50. g5 Nxh5 51. gxh6 gxh6 52. Nh4 Nf6 53. Ng6
Kf5 54. Ne7+ Kg5 55. Nc6 e4 56. Ne5 h5 57. Kf2 Kf5 58. Nc4 Kf4 59. Nd6 e3+ 60.
Ke2 Ne4 61. Nc4 Ng3+ 62. Kd3 e2 63. Kd2 h4 64. Nb2 h3 65. Nd3+ Kf3 66. Ne5+ Kg2
67. Ng4 h2 68. Nxh2 Kxh2 69. Ke1 Kg2 70. Kd2 Kf2 0-1

[Event "PRO League Eastern 2017"]
[Site "chess.com INT"]
[Date "2017.02.01"]
[Round "4"]
[White "Bernotas, Arturs"]
[Black "Chakravarthy, Y V K"]
[Result "1-0"]
[WhiteTitle "FM"]
[WhiteElo "2332"]
[BlackElo "2047"]
[WhiteTeam "Riga Magicians"]
[BlackTeam "Amaravati Yodhas"]
[WhiteFideId "11601426"]
[BlackFideId "5029546"]
[EventDate "2017.01.11"]

1. e4 e5 2. Nf3 Nc6 3. d4 exd4 4. Nxd4 Nf6 5. Nxc6 bxc6 6. Bd3 d5 7. O-O Be7 8.
e5 Ng4 9. Qe2 f6 10. e6 Ne5 11. Bf5 Qd6 12. f4 Ng6 13. Qh5 O-O 14. Re1 Qb4 15.
c3 Qb6+ 16. Be3 Bc5 17. Bxc5 Qxc5+ 18. Kh1 Qf2 19. Na3 Qxg2+ 20. Kxg2 Nxf4+ 21.
Kf3 Nxh5 22. Bg4 g6 23. Bxh5 gxh5 24. Rg1+ Kh8 25. Rae1 Re8 26. e7 Rb8 27. b3 c5
28. Kf4 Rb6 29. c4 Re6 30. Rxe6 Bxe6 31. Re1 Bd7 32. cxd5 Kg7 33. Nc4 Kf7 34. d6
c6 35. Ne3 Rg8 36. h4 Be8 37. Nf5 Rg4+ 38. Kf3 Kg6 39. d7 Bxd7 40. Nd6 Rxh4 41.
e8=Q+ Bxe8 42. Rxe8 h6 43. Rg8+ Kh7 44. Rg1 Rd4 45. Ne4 Rd8 46. Nxf6+ Kh8 47.
Nxh5 Rd5 48. Nf4 Rd2 49. Ke4 Rxa2 50. Nh5 Rf2 51. Ke5 Re2+ 52. Kf5 Rf2+ 53. Kg6
Rf3 54. Rd1 Rf8 55. Nf6 h5 56. Rd7 1-0

[Event "PRO League Eastern 2017"]
[Site "chess.com INT"]
[Date "2017.02.01"]
[Round "4"]
[White "Bernotas, Arturs"]
[Black "Dhulipalla, Bala Chandra Prasad"]
[Result "1-0"]
[WhiteTitle "FM"]
[WhiteElo "2332"]
[BlackElo "2353"]
[WhiteTeam "Riga Magicians"]
[BlackTeam "Amaravati Yodhas"]
[WhiteFideId "11601426"]
[BlackFideId "25005812"]
[EventDate "2017.01.11"]

1. e4 Nc6 2. Nf3 d6 3. Bc4 Nf6 4. Nc3 Bg4 5. h3 Bh5 6. d3 e6 7. g4 Bg6 8. Be3 a6
9. Qe2 Be7 10. Bb3 d5 11. exd5 exd5 12. g5 d4 13. gxf6 gxf6 14. Nxd4 Nxd4 15.
Bxd4 Qxd4 16. Nd5 Qc5 17. O-O-O Kf8 18. h4 h5 19. Rhg1 Re8 20. Rde1 Qd6 21. Kb1
c6 22. Nc3 f5 23. Qf3 Bxh4 24. Ne2 Qh2 25. Ng3 Rxe1+ 26. Rxe1 Bxg3 27. fxg3 h4
28. gxh4 Qxh4 29. Qe3 Kg7 30. Rf1 Rd8 31. a4 Qd4 32. Qe7 Rd7 33. Qe8 Rd8 34. Qe7
Rd7 35. Qe8 b5 36. Rh1 Rd8 37. Qxc6 bxa4 38. Bxa4 Qd5 39. Rf1 Qxc6 40. Bxc6 Rd6
41. Bb7 Kf6 42. Kc1 Kg5 43. Rg1+ Kh4 44. Rf1 Kg4 45. Rg1+ Kh3 46. Rf1 Kg3 47.
Kd2 f4 48. Rg1+ Kh4 49. Bf3 f5 50. Ke1 Bf7 51. Kf2 Bd5 52. Bxd5 Rxd5 53. Kf3 Rd4
54. Ra1 Rb4 55. b3 Rb6 56. Kxf4 Kh3 57. Kxf5 Kg3 58. Ke4 Rc6 59. c4 Kg4 60. d4
Re6+ 61. Kd5 Rb6 62. c5 Rxb3 63. Rxa6 Kf5 64. Ra8 Kf6 65. Re8 Kf7 66. Re1 Rd3
67. c6 Kf8 68. c7 Rc3 69. Kd6 1-0

[Event "PRO League Eastern 2017"]
[Site "chess.com INT"]
[Date "2017.02.01"]
[Round "4"]
[White "Aradhya, Garg"]
[Black "Abdilkhair, Abilmansur"]
[Result "1-0"]
[WhiteElo "2230"]
[BlackElo "1990"]
[WhiteTeam "Delhi Dynamite"]
[BlackTeam "Shymkent Nomads"]
[WhiteFideId "25006746"]
[BlackFideId "13716417"]
[EventDate "2017.01.11"]

1. Nf3 Nf6 2. g3 g6 3. Bg2 Bg7 4. O-O O-O 5. c4 c5 6. Nc3 Nc6 7. d4 cxd4 8. Nxd4
Nxd4 9. Qxd4 d6 10. Qd2 Qc7 11. b3 a6 12. Bb2 Bd7 13. Rac1 Rac8 14. Rfd1 Qb8 15.
Nd5 Nxd5 16. Bxg7 Kxg7 17. cxd5 Rxc1 18. Qxc1 Rc8 19. Qe3 Kf8 20. Rd4 Qc7 21.
Rc4 Qa5 22. Qh6+ Kg8 23. Rh4 Rc1+ 24. Bf1 Qc3 25. Qxh7+ Kf8 26. Qh6+ Kg8 27. Rc4 1-0

[Event "PRO League Eastern 2017"]
[Site "chess.com INT"]
[Date "2017.02.01"]
[Round "4"]
[White "Tari, Aryan"]
[Black "Dudukin, Ilya"]
[Result "1/2-1/2"]
[WhiteTitle "GM"]
[BlackTitle "FM"]
[WhiteElo "2584"]
[BlackElo "2396"]
[WhiteTeam "Norway Gnomes"]
[BlackTeam "Gorky Stormbringers"]
[WhiteFideId "1510045"]
[BlackFideId "4148576"]
[EventDate "2017.01.11"]

1. e4 c5 2. Nf3 Nc6 3. Bb5 Nf6 4. Bxc6 dxc6 5. d3 g6 6. O-O Bg7 7. h3 O-O 8. Nc3
Ne8 9. Be3 b6 10. Qd2 Nc7 11. Bh6 Ne6 12. e5 Nd4 13. Nxd4 cxd4 14. Ne4 Bxe5 15.
Bxf8 Qxf8 16. Rae1 Bg7 17. Ng5 c5 18. f4 e6 19. g4 Bh6 20. Ne4 Bb7 21. Qf2 Qd8
22. Kh2 f5 23. Nd2 Qd6 24. Nc4 Qd5 25. Rg1 fxg4 26. hxg4 Rf8 27. f5 exf5 28. g5
Bg7 29. Qf4 Bc6 30. Re7 b5 31. Qc7 Bh8 32. Nd2 Re8 33. Rxe8+ Bxe8 34. Re1 Bc6
35. Qc8+ Kf7 36. Qc7+ Kg8 37. Qb8+ Kf7 38. Qc7+ Kg8 39. Nf3 Bg7 40. Qb8+ Bf8 41.
Rf1 Qe6 42. Re1 Qd5 43. Rf1 Qe6 44. Re1 Qd5 45. Rf1 1/2-1/2

[Event "PRO League Eastern 2017"]
[Site "chess.com INT"]
[Date "2017.02.01"]
[Round "4"]
[White "Indjic, Aleksandar"]
[Black "Abhishek, Kelkar"]
[Result "1-0"]
[WhiteTitle "GM"]
[BlackTitle "IM"]
[WhiteElo "2560"]
[BlackElo "2381"]
[WhiteTeam "Belgrade Sparrows"]
[BlackTeam "Mumbai Movers"]
[WhiteFideId "911925"]
[BlackFideId "5019257"]
[EventDate "2017.01.11"]

1. d4 Nf6 2. c4 c6 3. Nf3 d5 4. Nc3 dxc4 5. a4 Bf5 6. Ne5 e6 7. f3 c5 8. e4 Bg6
9. Be3 cxd4 10. Qxd4 Qxd4 11. Bxd4 Nfd7 12. Nxd7 Nxd7 13. Bxc4 a6 14. h4 h6 15.
h5 Bh7 16. Ke2 Rc8 17. Bb3 Rg8 18. a5 Bc5 19. Rhd1 Ke7 20. Ba4 Bxd4 21. Rxd4 Ne5
22. Rad1 Rgd8 23. f4 Rxd4 24. Rxd4 Nc6 25. Bxc6 Rxc6 26. Rb4 Rc7 27. Ke3 f6 28.
Rb6 Bg8 29. e5 f5 30. Ne2 Bf7 31. Nd4 Rd7 32. g3 Rc7 33. b4 Rc3+ 34. Kd2 Rc7 35.
Kd3 Rd7 36. Ke3 Rc7 37. b5 Bxh5 38. bxa6 bxa6 39. Rxe6+ Kf7 40. Rxa6 Rc3+ 41.
Kd2 Rxg3 42. Ra7+ Kf8 43. Nxf5 Ra3 44. Nxg7 Bf7 45. f5 Kxg7 46. e6 Kg8 47. Rxf7
Rxa5 48. f6 Re5 49. Rg7+ Kf8 50. e7+ Ke8 51. Rg8+ 1-0

[Event "PRO League Eastern 2017"]
[Site "chess.com INT"]
[Date "2017.02.01"]
[Round "4"]
[White "Indjic, Aleksandar"]
[Black "Ghosh, Diptayan"]
[Result "1/2-1/2"]
[WhiteTitle "GM"]
[BlackTitle "GM"]
[WhiteElo "2560"]
[BlackElo "2570"]
[WhiteTeam "Belgrade Sparrows"]
[BlackTeam "Mumbai Movers"]
[WhiteFideId "911925"]
[BlackFideId "5045207"]
[EventDate "2017.01.11"]

1. d4 Nf6 2. c4 g6 3. Nc3 d5 4. Nf3 Bg7 5. Qb3 dxc4 6. Qxc4 O-O 7. e4 a6 8. e5
b5 9. Qb3 Nfd7 10. Be2 c5 11. e6 fxe6 12. Qxe6+ Kh8 13. Qe3 cxd4 14. Nxd4 Nc5
15. Nf3 Nbd7 16. O-O Bb7 17. Rd1 Qc7 18. Rb1 b4 19. Nd5 Bxd5 20. Rxd5 a5 21. b3
e6 22. Rd1 Nf6 23. Bb2 Nfe4 24. Nd4 Nxf2 25. Rf1 Nfe4 26. Nxe6 Nxe6 27. Bxg7+
Nxg7 28. Qxe4 Nf5 29. Bc4 Rae8 30. Qd5 Re5 31. Qd2 Rd8 32. Qg5 Qc5+ 33. Kh1 Qe7
34. Qxe7 Rxe7 35. Rfe1 Rxe1+ 36. Rxe1 Ne3 37. Ba6 Rd2 38. g3 Ng4 39. Re2 Rxe2
40. Bxe2 Ne3 41. Kg1 Kg7 42. Kf2 Nd5 43. Bc4 Nc3 44. Ke3 Kf6 45. Kd4 Nxa2 46.
Kc5 Ke5 47. Kb5 Kd4 48. Kxa5 Kc3 49. h4 Nc1 50. Ka4 h6 51. g4 g5 52. h5 Na2 53.
Ka5 Kd4 54. Kb5 Kc3 55. Ka5 Kc2 56. Ka4 Kb2 57. Bg8 Kc3 58. Bc4 Nc1 59. Bg8 Nd3
60. Kb5 Ne5 61. Be6 Nf3 62. Ka4 Nd4 63. Bg8 Nc6 64. Kb5 Nd4+ 65. Ka4 Ne2 66. Bc4
Nc1 67. Bg8 Nd3 68. Kb5 Ne5 69. Be6 Nf3 70. Bg8 Nd2 71. Ka4 Ne4 72. Kb5 Nf2 73.
Be6 Nd3 74. Bc4 Ne1 75. Bg8 Nc2 76. Ka4 Nd4 77. Bd5 Nc2 78. Bf7 Ne1 79. Bg8 Nf3
80. Kb5 Ne5 81. Be6 Nxg4 82. Bxg4 Kxb3 83. Be6+ Ka3 84. Kc4 b3 85. Kc3 b2 86.
Kc2 g4 87. Bd5 g3 88. Kb1 Kb4 89. Kxb2 Kc5 90. Ba8 Kd4 91. Kc2 Ke3 92. Kd1 Kf2
93. Kd2 g2 94. Bxg2 Kxg2 95. Ke2 Kg3 96. Kf1 Kg4 97. Kg1 Kxh5 98. Kh1 Kg4 99.
Kg1 1/2-1/2

[Event "PRO League Eastern 2017"]
[Site "chess.com INT"]
[Date "2017.02.01"]
[Round "4"]
[White "Abdilkhair, Abilmansur"]
[Black "Nihal, Sarin"]
[Result "0-1"]
[BlackTitle "FM"]
[WhiteElo "1990"]
[BlackElo "2340"]
[WhiteTeam "Shymkent Nomads"]
[BlackTeam "Delhi Dynamite"]
[WhiteFideId "13716417"]
[BlackFideId "25092340"]
[EventDate "2017.01.11"]

1. d4 Nf6 2. c4 e6 3. g3 d5 4. Bg2 Be7 5. Nf3 O-O 6. O-O dxc4 7. Qc2 a6 8. Qxc4
b5 9. Qc2 Bb7 10. Bd2 Be4 11. Qc1 c6 12. Nc3 Bxf3 13. Bxf3 Qxd4 14. Rd1 Qb6 15.
Be3 Qb7 16. a4 Nd5 17. Ne4 Nd7 18. Nc5 Nxc5 19. Bxc5 Rac8 20. e4 Nb6 21. a5 Nc4
22. Bxe7 Qxe7 23. b3 Ne5 24. Be2 c5 25. f4 Nc6 26. Qc3 Nd4 27. Bf1 Qb7 28. b4
Qxe4 29. bxc5 Rfd8 30. Kf2 e5 31. Bg2 Qe2+ 32. Kg1 Qxd1+ 0-1

[Event "PRO League Eastern 2017"]
[Site "chess.com INT"]
[Date "2017.02.01"]
[Round "4"]
[White "Abdilkhair, Abilmansur"]
[Black "Grover, Sahaj"]
[Result "0-1"]
[BlackTitle "GM"]
[WhiteElo "1990"]
[BlackElo "2467"]
[WhiteTeam "Shymkent Nomads"]
[BlackTeam "Delhi Dynamite"]
[WhiteFideId "13716417"]
[BlackFideId "5021103"]
[EventDate "2017.01.11"]

1. d4 Nf6 2. Nf3 e6 3. g3 b6 4. Bg2 Bb7 5. O-O g6 6. c4 Bg7 7. Nc3 O-O 8. Qc2 c5
9. Rd1 cxd4 10. Nxd4 Bxg2 11. Kxg2 Qc8 12. b3 Nc6 13. Ncb5 Nxd4 14. Nxd4 d5 15.
Ba3 Rd8 16. Rac1 dxc4 17. Qxc4 Qxc4 18. bxc4 Rd7 19. Nc6 Rc7 20. Ne7+ Kh8 21.
Bd6 Rb7 22. c5 bxc5 23. Rxc5 Ne4 24. Rc8+ Rxc8 25. Nxc8 Rd7 26. f3 Nc3 27. Rd3
Nxe2 28. Ra3 Rd8 29. Kf2 Nc3 30. Nxa7 Bd4+ 31. Kg2 Rxd6 32. Nc8 Rd7 33. Ra8 Kg7
34. a4 Rb7 35. a5 Rb2+ 36. Kh3 Bg1 37. a6 Rxh2+ 38. Kg4 h5+ 39. Kf4 Re2 40. g4
Bh2+ 41. Kg5 f6+ 42. Kh4 g5+ 43. Kxh5 Bc7 0-1

[Event "PRO League Eastern 2017"]
[Site "chess.com INT"]
[Date "2017.02.01"]
[Round "4"]
[White "Cawdery, Daniel"]
[Black "Pavasovic, Dusko"]
[Result "1-0"]
[WhiteTitle "IM"]
[BlackTitle "GM"]
[WhiteElo "2418"]
[BlackElo "2548"]
[WhiteTeam "Johannesburg Koeksisters"]
[BlackTeam "Ljubljana Direwolves"]
[WhiteFideId "14300249"]
[BlackFideId "14600986"]
[EventDate "2017.01.11"]

1. d4 d5 2. c4 e6 3. Nc3 c6 4. cxd5 exd5 5. Qc2 Nf6 6. Bg5 Be7 7. e3 h6 8. Bf4
Be6 9. Bd3 Nbd7 10. h3 a6 11. Nf3 c5 12. O-O Rc8 13. Bf5 O-O 14. Rfd1 c4 15.
Bxe6 fxe6 16. Ne5 Qe8 17. Ng6 Rf7 18. e4 Bb4 19. exd5 Nxd5 20. Bg3 Bxc3 21. bxc3
Rf5 22. Nh4 Rf6 23. Re1 Qh5 24. Re4 b5 25. Rae1 Qf7 26. Nf3 a5 27. a3 Rxf3 28.
gxf3 Nf8 29. Be5 Qxf3 30. Rg4 g5 31. Rg3 Qf5 32. Qxf5 exf5 33. f4 Ne6 34. fxg5
hxg5 35. Rf3 f4 36. Rb1 b4 37. axb4 axb4 38. cxb4 c3 39. b5 Rc4 40. Rd3 Nb4 41.
Rxc3 Rxc3 42. Rxb4 Nd8 43. Ra4 Kf7 44. Ra7+ Ke6 45. Bc7 Rc1+ 46. Kg2 Rc2+ 47.
Kf3 Rc3+ 48. Ke2 f3+ 49. Kf2 Rb3 50. Bxd8 Rxb5 51. Kxf3 1-0

[Event "PRO League Eastern 2017"]
[Site "chess.com INT"]
[Date "2017.02.01"]
[Round "4"]
[White "Kleijn, Christov"]
[Black "Padmini, Rout"]
[Result "0-1"]
[WhiteTitle "IM"]
[BlackTitle "IM"]
[WhiteElo "2437"]
[BlackElo "2387"]
[WhiteTeam "Amsterdam Mosquitos"]
[BlackTeam "Odisha Express"]
[WhiteFideId "1013564"]
[BlackFideId "5029295"]
[EventDate "2017.01.11"]

1. e4 e6 2. d4 d5 3. Nc3 Nf6 4. Bg5 dxe4 5. Nxe4 Be7 6. Bxf6 gxf6 7. c4 f5 8.
Nc3 Bf6 9. Nf3 Nc6 10. d5 Ne7 11. Qa4+ c6 12. O-O-O Qb6 13. d6 Ng6 14. Qc2 Bd7
15. Na4 Qa5 16. c5 b5 17. Nc3 O-O 18. Kb1 Nf4 19. g3 Nd5 20. Nxd5 cxd5 21. Qd2
b4 22. Rc1 Rac8 23. Qe3 d4 24. Nxd4 Rxc5 25. Bg2 Rfc8 26. Nb3 Rxc1+ 27. Rxc1
Rxc1+ 28. Qxc1 Qe5 29. Qd2 a5 30. f4 Qb5 31. Nc1 Qb6 32. Bf1 Bg7 33. Bc4 Bf8 34.
Nb3 a4 35. Qd4 Qxd6 36. Qxd6 Bxd6 37. Nd4 Bc5 38. Nf3 Bc6 39. Ne5 Be4+ 40. Nd3
Bg1 41. h3 Bh2 42. Kc1 Bxd3 43. Bxd3 Bxg3 44. a3 Bxf4+ 45. Kc2 Bd6 46. axb4 Bxb4
47. Bb5 a3 48. bxa3 Bxa3 49. Kd3 Kg7 50. Ke2 Kf6 51. Be8 e5 52. Ba4 e4 53. Bb3
Ke7 54. Bd5 f6 55. Bg8 h6 56. Ke3 Bc1+ 57. Kd4 Kd6 58. Bh7 Bb2+ 59. Ke3 Ke5 60.
Bg6 f4+ 61. Kf2 Bd4+ 62. Kf1 f3 0-1

[Event "PRO League Eastern 2017"]
[Site "chess.com INT"]
[Date "2017.02.01"]
[Round "4"]
[White "Miladinovic, Igor"]
[Black "Kleijn, Christov"]
[Result "1-0"]
[WhiteTitle "GM"]
[BlackTitle "IM"]
[WhiteElo "2538"]
[BlackElo "2437"]
[WhiteTeam "Odisha Express"]
[BlackTeam "Amsterdam Mosquitos"]
[WhiteFideId "4203380"]
[BlackFideId "1013564"]
[EventDate "2017.01.11"]

1. d4 d5 2. Bf4 Nf6 3. e3 c6 4. Bd3 Qb6 5. Qc1 Nh5 6. Nf3 Nxf4 7. exf4 Nd7 8.
O-O Nf6 9. c3 Ne4 10. Bxe4 dxe4 11. Nfd2 f5 12. Nc4 Qc7 13. Ne5 Be6 14. Nd2 g5
15. fxg5 Bg7 16. f4 O-O-O 17. Ndc4 h6 18. g6 Rhg8 19. Ne3 Bxe5 20. fxe5 Rdf8 21.
Rf4 Bd7 22. Qd2 Rxg6 23. Raf1 e6 24. Rxe4 Rfg8 25. Ref4 c5 26. b4 cxd4 27. cxd4
Kb8 28. Rc1 Qb6 29. g3 Bc6 30. Kf2 Rd8 31. Rc5 a6 32. Nc4 Qc7 33. Na5 Rd5 34.
Nxc6+ bxc6 35. Qc3 Rxc5 36. Qxc5 Kb7 37. a4 Qd7 38. a5 Qc7 39. Rf3 Rg4 40. h3
Rg8 41. Rc3 Rd8 42. b5 axb5 43. a6+ Ka8 44. Qxc6+ Qxc6 45. Rxc6 Rxd4 46. Rxe6
Re4 47. Kf3 b4 48. Rxh6 Ka7 49. Rd6 Rxe5 50. Kf4 Rb5 51. h4 b3 52. Rd1 Kxa6 53.
h5 Ka5 54. h6 Kb4 55. h7 Rb8 56. Rh1 Rh8 57. Kxf5 b2 58. Kg6 1-0

[Event "PRO League Eastern 2017"]
[Site "chess.com INT"]
[Date "2017.02.01"]
[Round "4"]
[White "Miladinovic, Igor"]
[Black "Admiraal, Miguoel"]
[Result "0-1"]
[WhiteTitle "GM"]
[BlackTitle "IM"]
[WhiteElo "2538"]
[BlackElo "2441"]
[WhiteTeam "Odisha Express"]
[BlackTeam "Amsterdam Mosquitos"]
[WhiteFideId "4203380"]
[BlackFideId "1019716"]
[EventDate "2017.01.11"]

1. d4 d5 2. Bf4 c5 3. e3 Nc6 4. Nc3 cxd4 5. exd4 a6 6. h3 Nf6 7. Nf3 h6 8. Bd3
Nb4 9. O-O Nxd3 10. Qxd3 e6 11. Ne5 Be7 12. Rae1 Bd7 13. a3 Rc8 14. Bc1 O-O 15.
Re3 Kh8 16. Rg3 Nh5 17. Rf3 Nf6 18. g4 Be8 19. g5 hxg5 20. Bxg5 Nh7 21. Bxe7
Qxe7 22. Re1 Qh4 23. Rg3 Nf6 24. Ree3 Qh7 25. Qe2 Nh5 26. Rg4 f6 27. Nd3 Bf7 28.
f4 Qf5 29. Rh4 Kg8 30. Qg4 Qxg4+ 31. hxg4 Nxf4 32. Nxf4 g5 33. Nfxd5 gxh4 34.
Ne7+ Kg7 35. Nxc8 Rxc8 36. Kh2 Rd8 37. Ne2 Rc8 38. c3 b5 39. Kh3 a5 40. Nf4 b4
41. axb4 axb4 42. Kxh4 bxc3 43. bxc3 e5 44. Ne2 Bg6 45. dxe5 fxe5 46. Rxe5 Bd3
47. Nf4 Bf1 48. Re7+ Kf6 49. Re3 Bc4 50. Nh5+ Kg6 51. Rf3 Rc6 52. Nf4+ Kg7 53.
g5 Bb3 54. Nh5+ Kg8 55. Nf6+ Kg7 56. Re3 Kg6 57. Ng4 Rc7 58. Ne5+ Kf5 59. Nf3
Kf4 60. g6 Kxe3 61. Nd4 Bd5 62. Kg5 Rxc3 63. Nf5+ Ke4 64. g7 Ke5 65. Ne7 Rg3+
66. Kh6 Be6 67. Kh7 Rh3+ 68. Kg6 Rg3+ 69. Kh7 Kf6 70. g8=Q Rh3# 0-1